| 000 | 00916nam a2200241 a 4500 | ||
|---|---|---|---|
| 001 | 25948 | ||
| 003 | CO-ViMGA | ||
| 008 | 141112s2004 ck r 000 u spa d | ||
| 015 | _ack - 2012 - xxxx | ||
| 020 | _a9789587072242 | ||
| 040 |
_aCO-ViMGA _bspa _cCO-ViMGA |
||
| 082 | 0 | 4 | _a346.861023 B65p 2012 |
| 100 | 1 |
_aBonivento Fernández, José Alejandro _95657 |
|
| 245 | 1 | 0 |
_aLos principales contratos civiles y su paralelo con los comerciales / _cJosé Alejandro Bonivento Fernández |
| 250 | _a18a. ed. actualizada | ||
| 260 |
_aBogotá : _bLibrería Ediciones del Profesional, _c2012 |
||
| 300 | _axi, 837 p. ; 26 cm | ||
| 500 | _aIncluye índice analítico y de disposiciones | ||
| 650 | 1 | 4 |
_aContratos civiles - Colombia _940490 |
| 917 | _a2012 - 6553 2 ejemplares | ||
| 942 |
_2ddc _cBK |
||
| 990 | _a2012 - 6553 Librería Ediciones del Profesional 2 ejemplares 21 30/10/2012 a828505 30/10/2012 31/10/2012 | ||
| 999 |
_c33184 _d33184 |
||